Salesmanship and Publicity (Record no. 2147)

MARC details
000 -LEADER
fixed length control field 00433nam a22001697a 4500
005 - DATE AND TIME OF LATEST TRANSACTION
control field 20160530122128.0
008 - FIXED-LENGTH DATA ELEMENTS--GENERAL INFORMATION
fixed length control field 160530b xxu||||| |||| 00| 0 eng d
020 ## - INTERNATIONAL STANDARD BOOK NUMBER
ISBN 81-259-0047-0
041 ## - LANGUAGE CODE
Language code of text/sound track or separate title eng
082 ## - DEWEY DECIMAL CLASSIFICATION NUMBER
Item number 6052
100 ## - MAIN ENTRY--AUTHOR NAME
Personal name Davar, Rustom S & others
245 ## - TITLE STATEMENT
Title Salesmanship and Publicity
260 ## - PUBLICATION, DISTRIBUTION, ETC. (IMPRINT)
Place of publication New Delhi
Name of publisher Vikas Publishing House (P) Ltd.
Year of publication 2004
300 ## - PHYSICAL DESCRIPTION
Number of Pages 408
650 ## - SUBJECT ADDED ENTRY--TOPICAL TERM
Topical Term Management
942 ## - ADDED ENTRY ELEMENTS (KOHA)
Koha item type Books
Holdings
Lost status Damaged status Collection code Home library Current library Shelving location Date acquired Cost, normal purchase price Full call number Accession Number Koha item type
    MANAGEMENT JRU Library   SHELF- 67 J 30/05/2016 165.00 6052 6052 Books